Dasar-dasar ilmu ekonomi sosialis (Record no. 76233)

MARC details
000 -LEADER
fixed length control field 00551cam a22002171 4500
001 - CONTROL NUMBER
control field sa 67006915
003 - CONTROL NUMBER IDENTIFIER
control field DLC
005 - DATE AND TIME OF LATEST TRANSACTION
control field 20260227112411.0
008 - FIXED-LENGTH DATA ELEMENTS--GENERAL INFORMATION
fixed length control field 890415r1965uuuuio 000 0 dut
010 ## - LIBRARY OF CONGRESS CONTROL NUMBER
LC control number sa 67006915
035 ## - SYSTEM CONTROL NUMBER
System control number (OCoLC)23431225
040 ## - CATALOGING SOURCE
Original cataloging agency DLC
Transcribing agency MiU
Modifying agency DLC
042 ## - AUTHENTICATION CODE
Authentication code premarc
050 00 - LIBRARY OF CONGRESS CALL NUMBER
Classification number HB97.5
Item number .H3
100 1# - MAIN ENTRY--PERSONAL NAME
Personal name Hadiprabowo, M.,
Dates associated with a name 1916-
245 10 - TITLE STATEMENT
Title Dasar-dasar ilmu ekonomi sosialis
250 ## - EDITION STATEMENT
Edition statement Tjet. 1.
260 ## - PUBLICATION, DISTRIBUTION, ETC.
Place of publication, distribution, etc. Jogjakarta,
Name of publisher, distributor, etc. Mpu Tantular,
Date of publication, distribution, etc. 1965.
300 ## - PHYSICAL DESCRIPTION
Extent 206 p.
Dimensions 21 cm.
650 #0 - SUBJECT ADDED ENTRY--TOPICAL TERM
Topical term or geographic name entry element Marxian economics

No items available.

Powered by Koha